000 00279nam a22001217a 4500
008 181126b xxu||||| |||| 00| 0 eng d
041 _aeng
080 _a043.3
100 _a0
101 _aBTH-MBE
245 _aEduikimi dhe Pabarazia ne te Ardhura
_cShala, E
942 _2udc
_cBK
999 _c52517
_d52517